Ecology of marine invertebrate larvae

Na minha lista:
Detalhes bibliográficos
Formato: Livro
Idioma:Undetermined
Publicado em: London CRC Press 1995
Assuntos:
Tags: Adicionar Tag
Sem tags, seja o primeiro a adicionar uma tag!
Thư viện lưu trữ: Trung tâm Học liệu Trường Đại học Cần Thơ
LEADER 00418nam a2200169Ia 4500
001 CTU_67725
008 210402s9999 xx 000 0 und d
020 |b 143 
082 |a 592.092 
082 |b E17 
245 0 |a Ecology of marine invertebrate larvae 
260 |a London 
260 |b CRC Press 
260 |c 1995 
650 |a Ecology 
910 |a Năm 
980 |a Trung tâm Học liệu Trường Đại học Cần Thơ